| 000 | 00739nam a22002537a 4500 | ||
|---|---|---|---|
| 001 | 0074 | ||
| 003 | DO-SdBNP | ||
| 005 | 20161124100346.0 | ||
| 007 | 0074 | ||
| 008 | 151118b xxu 2003 xxu||||| |||| 00| 0 spa d | ||
| 020 | _a9781400034673 | ||
| 040 |
_aBPMSU _bspa _cBPMSU |
||
| 082 |
_aC863.44 _bG216a |
||
| 100 | 1 | 0 |
_aGarcía Márquez, Gabriel, _d1927- |
| 245 | 1 | 3 |
_aEl amor en los tiempos del cólera / _cGabriel García Márquez |
| 260 | 0 |
_aNew York : _bVintage Books, _c2003. |
|
| 300 |
_a461 p. : _c20 cm. |
||
| 585 | _aGanador del Premio Nobel de Literatura | ||
| 650 | 4 | _aNOVELA COLOMBIANA | |
| 650 | 4 | _aLITERATURA COLOMBIANA | |
| 910 | _aValidado. Control de calidad MFF | ||
| 942 |
_2ddc _cBK |
||
| 956 | _aBrenda Tavárez | ||
| 999 |
_c8799 _d8799 |
||